=LDR 00000nam 2200000 4500 =001 INLIS000000000002918 =005 20250217075707 =035 ##$$a 0010-0225000208 =007 ta =008 250217###########################0#ind## =082 ##$$a 304.66 =084 ##$$a 304.66 BAD p =100 #$$a Badan Kependudukan dan Keluarga Berencana Nasional =245 1#$$a Pedoman PP Peserta KB Aktif /$c Badan Kependudukan dan Keluarga Berencana Nasional =260 ##$$a Jakarta :$b BKKBN,$c 2011 =300 ##$$a 27 hlm : $b ilus ; $c 23 cm =856 ##$$a Perpustakaan BKKBN